الهر فياض الأبيض : (رقم التسجيلة. 247943)

تفاصيل مارك
000 -الفاتح
عناصر البيانات ثابتة الطول 00953nam a22002657i 4500
005 - تاريخ ووقت آخر معاملة
حقل ضبط 20260402095056.0
008 - عناصر البيانات ثابتة الطول
عناصر البيانات ثابتة الطول 250906s ts ||||cr|||| 00| j ara d
020 ## - الترقيم الدولي المعياري للكتب (ردمك)
الترقيم الدولي المعياري للكتب (ردمك) 9786144476123
040 ## - مصدر الفهرسة
هيئة الفهرسة الأصلية JO-AmGAM
قواعد الوصف rda
041 1# - كود اللغة
كود اللغة لنص/مسار صوت أو عنوان منفصل ara
كود اللغة للأصل tur
082 14 - رقم تصنيف ديوي العشري
رقم التصنيف ق
رقم المادة د و ر
100 1# - مدخل رئيسي – اسم شخصي
الاسم الشخصي دورسون، يوسف
علاقة الشخص بالعمل/ دوره مؤلف.
245 12 - بيان العنوان
العنوان الهر فياض الأبيض :
بقية العنوان حب المغامرة /
بيان المسؤولية تأليف يوسف دورسون.
264 31 - بيانات النشر، التوزيع…إلخ
اسم الناشر، الموزع...إلخ شركة المستقبل الرقمي،
مكان النشر، التوزيع...إلخ دبي :
تاريخ النشر، التوزيع...إلخ [ غير معروف ].
300 ## - الوصف المادي
عدد الوحدات المكونة للوعاء 70 صفحة.
336 ## - نوع المحتوى
المصدر rdacontent
مصطلح نوع المحتوى نص
كود نوع المحتوى txt
337 ## - نوع الوسيط
المصدر rdamedia
مصطلح نوع الوسيط دون وسيط عرض
كود نوع الوسيط n
338 ## - نوع الحامل
المصدر rdacarrier
مصطلح نوع الحامل مجلد
كود نوع الحامل nc
490 1# - بيان السلسلة
عنوان السلسلة سلسلة أقرأ عن حيواناتي المحببة.
650 17 - مدخل إضافي بالموضوع - مصطلح موضوعي
مصطلح موضوعي أو اسم جغرافي كعنصر مدخل قصص الأطفال.
650 17 - مدخل إضافي بالموضوع - مصطلح موضوعي
مصطلح موضوعي أو اسم جغرافي كعنصر مدخل الأدب المترجم.
830 #0 - مدخل إضافي بالسلسلة-عنوان مقنن
عنوان السلسسلة سلسلة أقرأ عن حيواناتي المحببة.
942 ## - بيانات إضافية (كوها)
نوع التنصيف Dewey Decimal Classification
نوع المادة (كوها) كتب
المقتنيات
حالة السحب حالة الفقدان مصدر التصنيف حالة التلف غير قابل للإعارة المكتبة الرئيسية المكتبة الحالية موقع الرف تاريخ التزويد مصدر التزويد العملة التكلفة، سعر الشراء العادي الرقم المتسلسل Total Checkouts رقم الإستدعاء الباركود تاريخ آخر ظهور التكلفة وسعر الاستبدال تاريخ الفاتورة نوع المادة (كوها)
    Dewey Decimal Classification     المكتبة المركزية المكتبة المركزية الأطفال 03/03/2026 98 JOD 2.10 1800602   ط / ق / د و ر PLD00930357 03/03/2026 3.50 03/03/2026 كتب
Implemented & Customized by: BBB with SCIT (Smart Chains for Information Technology)

Powered by Koha